00285nam a22000977a 4500082001500000100002100015245007000036260005100106300002100157563000900178 a297.3bNAQ aNaqvi, Ali Naqi. a Shaheed e Insaniyat شہیدِ انسانیت /cAli Naqi Naqvi aLahore :bImamia Mission Pakistan Trust,c2001 a200 p. ;c21 cm. aH.B.